Score 0/15 Timer 03:00
2 Plays Today
Question Answer % Correct
What word can be found in movie titles along with Brodie, Daisy, and Congeniality?Miss
90.1%
What type of animal has fictional names of Shep, Manny, Stampy, Babar, and Horton?Elephant
88%
What country is home to Leipzig, Dresden, and Essen?Germany
86.8%
What is the name of the San Antonio team in the NBA?Spurs
73.9%
What red-berried plant of the Ilex genus is used as a Christmas decoration?Holly
70.6%
What Disney Channel sitcom ran from 2003-7 and starred Raven-Symoné?That's So Raven
65.4%
What type of Russian prison is the name of the 10th mission in Modern Warfare 2?Gulag
54.8%
What is the final book of the New Testament?Revelation
49.6%
Question Answer % Correct
What term for minimal government involvement or interference is French for 'to let people do' as they choose?Laissez-faire
48.7%
What term for technical language becomes a noble gas when you remove its first letter?Jargon
44.9%
Along with Tenzing Norgay, what Kiwi was the first to reach the summit of Everest?Hillary
43.6%
What is the name for the structure where two neurons meet where impulses cross?Synapse
40.1%
What original word is the abbreviation Mrs. a shortened form of?Mistress
32.7%
What #1 song by Michael Sembello was used for the training scenes in 'Flashdance'?Maniac
27.1%
What author wrote classics such as 'Sons and Lovers' and 'Lady Chatterley's Lover'?Lawrence
25.3%
Remove Ads.
Support Sporcle.
Get the best of Sporcle when you Go Orange. This ad-free experience offers more features, more stats, and more fun while also helping to support Sporcle. Thank you for becoming a member.

You're not logged in!

Compare scores with friends on all Sporcle quizzes.
OR
Log In

Show Comments

Extras

Top Quizzes Today


Score Distribution

Your Account Isn't Verified!

In order to create a playlist on Sporcle, you need to verify the email address you used during registration. Go to your Sporcle Settings to finish the process.

Report this User

Report this user for behavior that violates our Community Guidelines.

Details: